Страны из пяти букв - Statistics

General Stats
  • This quiz has been taken 144 times
    142 since last reset
  • The average score is 14 of 26
Answer Stats
Часть света Страна % Correct
Африка Алжир
75%
Азия Китай
68%
Европа Литва
66%
Азия Ливан
65%
Африка Ливия
65%
Азия Бутан
62%
Африка Нигер
62%
Африка Бенин
57%
Азия Непал
57%
Европа Чехия
56%
Европа Дания
52%
Азия Сирия
52%
Северная Америка Белиз
51%
Азия Катар
51%
Океания Фиджи
51%
Африка Габон
49%
Северная Америка Гаити
48%
Океания Тонга
48%
Африка Тунис
47%
Океания Науру
44%
Азия Индия
43%
Океания Палау
43%
Африка Кения
42%
Океания Самоа
40%
Африка Судан
40%
Азия Йемен
38%
No matching quizzes found
Score Distribution
Percent of People with Each Score
Percentile by Number Answered
Your Score History
You have not taken this quiz since the last reset